00000000nas 2200000zi 4500
0019.900409
003CaOODSP
00520251127132430
006m     o  d f      
007cr |||||||||||
008210603c20139999oncar p o    f0###a0eng|d
022 |a2819-1293
040 |aCaOODSP|beng|erda|cCaOODSP
043 |an-cn---
0861 |aPS71-3E-PDF
1102 |aCanadian Security Intelligence Service.|eauthor, |eissuing body.
222 0|aAnnual Report on the Administration of the Access to Information Act |b(Canadian Security Intelligence Service)
24510|aAnnual report on the administration of the Access to Information Act.
2461 |iIssues for 2019/2020-2022/2023 have title: |aAnnual report, administration of the Access to Information Act
2461 |iIssues 2023/24- have title : |aAdministration of the Access to Information Act, … annual report
24613|aAdministration of the Access to Information Act
264 1|a[Ottawa] : |bCanadian Security Intelligence Service = Service canadien du renseignement de sécurité, |c2013-
310 |aAnnual
336 |atext|2rdacontent
337 |acomputer|2rdamedia
338 |aonline resource|2rdacarrier
3621 |aBegan with 2012/2013?
500 |aIssued also in French under title: Rapport annuel ..., application de la Loi sur l'accès à l'information.
588 |aDescription based on: 2019/2020.
588 |aLatest issue consulted: 2019/2020.
61010|aCanada. |tAccess to Information Act|vPeriodicals.
61020|aCanadian Security Intelligence Service|vPeriodicals.
65000|aFreedom of information|zCanada|vPeriodicals.
655 7|aPeriodicals|2lcgft
77508|tRapport annuel ... concernant l'addministration de la Loi sur l'accès à l'information.|w(CaOODSP)9.900874